00798nam a2200217 a 450000100060000000300090000600800410001502000150005604000280007108200160009910000210011524500230013626000340015930000110019359000850020465000530028965000580034294200120040099900170041295201510042915973CO-ViMGA141112s2004 ck r 000 u spa d a958904364X aCO-ViMGAbspacCO-ViMGA04a860.4 E764g1 aEspinosa, German10aGuillermo Valencia aBogotá, cProcultua, c1989 a176.p. aForma de adquisición : Donacion Biblioteca Nacional 2003 - - Precio :  15.00014aLITERATURA COLOMBIANA - CRITICA LITERARIA95067814aVALENCIA, GUILLERMO - CRITICA E INTERPRETACION922931 2ddccBK c25968d25968 00102ddc40708003aMEVIECARbMEVIECARd2015-12-04hVolumen. 1 | 11/jun/2009l0o860.4 E764g p15973r2015-12-04 00:00:00tEj. 1w2015-12-04yBK